Made in Chelsea cast - Statistics

General Stats
  • This quiz has been taken 238 times
  • The average score is 24 of 38
Answer Stats
Surname First name % Correct
Laing Jamie
97%
Thompson Sam
95%
Prince Sam
95%
Toffolo Georgia
94%
Thompson Louise
94%
Locke Ollie
93%
Matthews Spencer
92%
Felstead Alexandra
91%
Mytton Alex
90%
Bentley Olivia
90%
Boulle Francis
88%
Watson Lucy
86%
Watson Tiffany
82%
Fortescue Rosie
81%
Mackintosh Millie
80%
Pratt Stephanie
77%
Proudlock Oliver
75%
Dunlop Caggie
69%
Vandelli Mark Francis
66%
Baker-Harber Victoria
66%
Gaff Frankie
62%
Taylor Hugo
60%
Barron Harry
58%
Patterson Josh
55%
Woodley Jess
54%
Libbey Ryan
54%
Cowdrey Julius
47%
Jordan Andy
46%
Hull Cheska
46%
Sandford James
46%
Bouchard Mimi
40%
Ferrier Fredrik
37%
Willis Ella
26%
Ellis Gabriella
24%
Onal Funda
21%
Robins Daisy
18%
Solanke-Caulker Akin
12%
Thompson Phoebe-Lettice
3%
No matching quizzes found
Score Distribution
Percent of People with Each Score
Percentile by Number Answered
Your Score History
You have not taken this quiz